000
00342nam a2200145Ia 4500
008
191201s2009 xx 000 0 und d
082
_a
658.3
_b
DEF
100
_a
DESSLER, Gray
245
0
_a
Framework for Human Resource Management
250
_a
IMP
260
_a
N.Delhi
_b
Pearson
_c
2009
300
_a
399
650
_a
MBA
942
_2
ddc
_c
BK
999
_c
4157
_d
4157